Hydraulics and Fluid Mechanics in Including Hydraulics Machines (Record no. 6193)

MARC details
000 -LEADER
fixed length control field 00371nam a2200145Ia 4500
003 - CONTROL NUMBER IDENTIFIER
control field OSt
008 - FIXED-LENGTH DATA ELEMENTS--GENERAL INFORMATION
fixed length control field 191201s2015 xx 000 0 und d
082 ## - DEWEY DECIMAL CLASSIFICATION NUMBER
Classification number 621.26
Item number MOH
100 ## - MAIN ENTRY--PERSONAL NAME
Personal name MODI, P.N.
245 #0 - TITLE STATEMENT
Title Hydraulics and Fluid Mechanics in Including Hydraulics Machines
260 ## - PUBLICATION, DISTRIBUTION, ETC. (IMPRINT)
Place of publication, distribution, etc New Delhi
Name of publisher, distributor, etc Standard
Date of publication, distribution, etc 2015
300 ## - PHYSICAL DESCRIPTION
Extent 1403
650 ## - SUBJECT ADDED ENTRY--TOPICAL TERM
Topical term or geographic name as entry element B.Tech(ME)
942 ## - ADDED ENTRY ELEMENTS (KOHA)
Source of classification or shelving scheme Dewey Decimal Classification
Koha item type Text Books
Holdings
Withdrawn status Lost status Source of classification or shelving scheme Damaged status Not for loan Collection code Home library Current library Date acquired Source of acquisition Cost, normal purchase price Bill Number Total Checkouts Full call number Acc. no. / Barcode Date last seen Actual Cost, discounted price Bill Date Koha item type
    Dewey Decimal Classification     B.Tech(ME) PIET C-LIBRARY PIET C-LIBRARY 31/01/2015 KIRTI PRAKASHAN, NEW DELHI 720.00 IN2127   621.26 MOH 25195 04/12/2019 576.00 22/01/2015 Text Books

Design & Developed by: PIET Central Library
R70 Miles Stone Pattikalyana Samalkha Panipat 132102
mail ID :- [email protected], Phone No:- 0180-2569700 Ex.216